000 01440nam0a2200385 i 4500
001 RU\NLR\bibl\2036584
005 20260409071412.0
010 _a9785397038911
021 _aRU
_b2013-32388
_92222
035 _a(NLR Aleph) 002024000
090 _a4518200
_c4518200
100 _a20130524d2013 u y0rusy50 ca
101 1 _arus
_ceng
102 _aRU
105 _aa |||||||||
200 1 _aСубстанция мышления
_dThe stuff of thought
_eязык как окно в человеческую природу
_fС. Пинкер
_gпер. с англ. В.П. Мурат, И.Д. Ульяновой
_zeng
210 _aМосква
_cURSS
_cЛиброком
_d2013
215 _a557 с.
_cил.
_d22
225 1 _aФилософия сознания
300 _aАвт. также на англ. яз.: Steven Pinker
320 _aБиблиогр.: с. 530-552
320 _aИмен. указ.: с. 553-557
510 0 _6z73790
_aThe stuff of thought
_zeng
606 _aКогнитивная лингвистика
_91523672
_3RU\NLR\auth\66662714
606 _aЯзыковое сознание
_3RU\NLR\auth\66662719
_91523678
686 _aЮ935.132-8
686 _aЮ212.24
686 _aШ100.4
700 1 _aПинкер
_bС.
_gСтивен
_4070
790 1 _6z73510
_aPinker
_bS.
_gSteven
_4070
801 0 _aRU
_bNLR
_c20130524
_gRCR
801 1 _aRU
_bNLR
_c20130524
942 _cBOOK
980 _aNBR